000 00535nam a2200217Ia 4500
003 OSt
005 20220924134112.0
006 a|||||r|||| 00| 0
007 ta
008 220923b |||||||| |||| 00| 0 snd d
024 _a272187
037 _cTextual
040 _aARTS
_cARTS
_bsnd
041 _2snd
_asnd
082 _aO1593,3x, k2
100 _aTanwani Gordhan
_9208072
245 0 _aMitho mitho daridu
260 _c1962
942 _hO1593,3x, k2
_cTEXL
_2CC
999 _c436398
_d436398